Geografia Azji na literę N - Statystyki

Ogólne statystyki
  • Ten quiz został rozwiązany 2 109 razy
  • Średni wynik to 7 z 16
Statystyki odpowiedzi
Wskazówka Odpowiedź % Poprawnych
Państwo w Himalajach Nepal
98%
Miasto zniszczone przez bombę atomową Nagasaki
93%
Stolica Indii Nowe Delhi
92%
Miasto, w którym Jezus dorastał Nazaret
89%
Stolica Cypru Nikozja
84%
Miasto, którego nazwa oznacza "Nowy Syberyjski" Nowosybirsk
54%
Japonia po japońsku Nihon
38%
Stolica Mjanmy od 2005 roku Naypyidaw
32%
Japoński gospodarz Zimowych Igrzysk Olimpijskich 1998 Nagano
30%
Trzecie największe miasto Japonii Nagoja
30%
Była stolica Chin, która zostałabrutalnie zaatakowana przez Japonię w 1937 roku Nankin
30%
Nazwisko 40% Wietnamczyków Nguyen
25%
Stolicą Okinawy Naha
13%
Pustynny region w południowym Izraelu Negew
13%
Główne miasto w środkowych Indiach znane z pomarańczy i tygrysów Nagpur
8%
Czwarta największa wyspa w Filipinach Negros
8%
Nie znaleziono quizów pasujących do podanych kryteriów
Rozkład punktacji
Procent ludzi z każdym wynikiem
Percentyl według liczby udzielonych odpowiedzi
Twoja historia wyników
Nie rozwiązałeś tego quizu